000 00500nam a2200181 a 4500
005 20140310183429.0
008 071206s19uu xx uuu eng d
020 _a9780071107594
050 _aQC 21
_b.T595 2007
100 _aTippens, Paul E.
245 _aPhysics /
_cPaul E. Tippens
250 _a7th ed.
260 _aU.S.A :
_bMcGraw-Hill Companies, Inc,
_c2007.
300 _aI-16, 782 p. :
_bcol. ill. ;
_c27 cm.
650 _aPhysics
_xTextbooks.
942 _cBK
_2lcc
_kFOR
999 _c22699
_d22699